|
|
|
|
| LEADER |
01379nam a2200349Ia 4500 |
| 001 |
EBC604988 |
| 003 |
MiAaPQ |
| 005 |
20200520144314.0 |
| 006 |
m o d | |
| 007 |
cr cn||||||||| |
| 008 |
100819s2010 enka sb 001 0 eng d |
| 010 |
|
|
|z 2010035499
|
| 020 |
|
|
|z 9780521193535
|
| 035 |
|
|
|a (MiAaPQ)EBC604988
|
| 035 |
|
|
|a (Au-PeEL)EBL604988
|
| 035 |
|
|
|a (CaPaEBR)ebr10432416
|
| 035 |
|
|
|a (CaONFJC)MIL291873
|
| 035 |
|
|
|a (OCoLC)689997240
|
| 040 |
|
|
|a MiAaPQ
|c MiAaPQ
|d MiAaPQ
|
| 050 |
|
4 |
|a HD2365.D44
|b G56 2010
|
| 082 |
0 |
4 |
|a 658.4/058
|2 22
|
| 245 |
0 |
0 |
|a Global outsourcing and offshoring
|h [electronic resource] :
|b an integrated approach to theory and corporate strategy /
|c [edited by] Farok J. Contractor ... [et al.].
|
| 260 |
|
|
|a Cambridge ;
|a New York :
|b Cambridge University Press,
|c 2010.
|
| 300 |
|
|
|a xxviii, 464 p. :
|b ill.
|
| 504 |
|
|
|a Includes bibliographical references and index.
|
| 533 |
|
|
|a Electronic reproduction. Ann Arbor, MI : ProQuest, 2015. Available via World Wide Web. Access may be limited to ProQuest affiliated libraries.
|
| 650 |
|
0 |
|a Contracting out
|z Developing countries.
|
| 650 |
|
0 |
|a Unemployment
|z Developed countries.
|
| 655 |
|
4 |
|a Electronic books.
|
| 700 |
1 |
|
|a Contractor, Farok J.
|
| 710 |
2 |
|
|a ProQuest (Firm)
|
| 856 |
4 |
0 |
|u https://ebookcentral.proquest.com/lib/matrademy/detail.action?docID=604988
|z Click to View
|